Vista normal
Vista MARC
- Hurtado C., Rafael E.
Entrada Nombre personal
Número de registros utilizados en: 9
001 - NÚMERO DE CONTROL
- campo de control: 41867
003 - IDENTIFICADOR DEL NÚMERO DE CONTROL
- campo de control: OSt
005 - FECHA Y HORA DE LA ÚLTIMA TRANSACCIÓN
- campo de control: 20200109115209.0
008 - DATOS DE LONGITUD FIJA
- campo de control de longitud fija: 200109|| aca||aabn | a|a d
040 ## - FUENTE DE LA CATALOGACIÓN
- Centro catalogador/agencia de origen: OSt
- Centro/agencia transcriptor: OSt
100 ## - ENCABEZAMIENTO-NOMBRE DE PERSONA
- Nombre de persona: Hurtado C., Rafael E.
670 ## - FUENTE DE DATOS ENCONTRADOS
- Cita de la fuente: Work cat.: (OSt)26549: Hurtado C., Rafael E., Catálogo de objetos para la agroindustria de la palma de aceite, 2009